<?xml version="1.0" encoding="UTF-8"?>
<record
    xmlns:xsi="http://www.w3.org/2001/XMLSchema-instance"
    xsi:schemaLocation="http://www.loc.gov/MARC21/slim http://www.loc.gov/standards/marcxml/schema/MARC21slim.xsd"
    xmlns="http://www.loc.gov/MARC21/slim">

  <leader>00920nam a2200277 a 4500</leader>
  <controlfield tag="001">1100</controlfield>
  <controlfield tag="003">BR-CuiBMT</controlfield>
  <controlfield tag="005">20231129015859.0</controlfield>
  <controlfield tag="008">231128s2004    spba          000 0 por d</controlfield>
  <datafield tag="020" ind1=" " ind2=" ">
    <subfield code="a">8572661557</subfield>
  </datafield>
  <datafield tag="040" ind1=" " ind2=" ">
    <subfield code="a">BR-CuiBMT</subfield>
    <subfield code="c">BR-CuiBMT</subfield>
  </datafield>
  <datafield tag="080" ind1=" " ind2=" ">
    <subfield code="2">2007</subfield>
    <subfield code="a">624:657.47</subfield>
    <subfield code="x">(81)</subfield>
  </datafield>
  <datafield tag="090" ind1=" " ind2=" ">
    <subfield code="a">624:657.47(81)</subfield>
    <subfield code="b">G619i</subfield>
    <subfield code="c">4. ed.</subfield>
  </datafield>
  <datafield tag="100" ind1="1" ind2=" ">
    <subfield code="a">Goldman, Pedrinho,</subfield>
    <subfield code="d">1954-</subfield>
  </datafield>
  <datafield tag="245" ind1="1" ind2="0">
    <subfield code="a">Introdu&#xE7;&#xE3;o ao planejamento e controle de custos na constru&#xE7;&#xE3;o civil brasileira /</subfield>
    <subfield code="c">Pedrinho Goldman.</subfield>
  </datafield>
  <datafield tag="250" ind1=" " ind2=" ">
    <subfield code="a">4. ed., atual.</subfield>
  </datafield>
  <datafield tag="260" ind1=" " ind2=" ">
    <subfield code="a">S&#xE3;o Paulo :</subfield>
    <subfield code="b">Pini, </subfield>
    <subfield code="c">2004.</subfield>
  </datafield>
  <datafield tag="300" ind1=" " ind2=" ">
    <subfield code="a">175 p. :</subfield>
    <subfield code="b">il. ;</subfield>
    <subfield code="c">23 cm</subfield>
  </datafield>
  <datafield tag="590" ind1=" " ind2=" ">
    <subfield code="a">A Biblioteca possui a 2. reimpr. 2005.</subfield>
  </datafield>
  <datafield tag="650" ind1=" " ind2=" ">
    <subfield code="a">Constru&#xE7;&#xE3;o civil</subfield>
    <subfield code="x">Custos</subfield>
  </datafield>
  <datafield tag="650" ind1=" " ind2=" ">
    <subfield code="a">Constru&#xE7;&#xE3;o civil</subfield>
    <subfield code="x">Planejamento</subfield>
  </datafield>
  <datafield tag="650" ind1=" " ind2=" ">
    <subfield code="a">Ind&#xFA;stria de constru&#xE7;&#xE3;o civil</subfield>
    <subfield code="z">Brasil</subfield>
  </datafield>
  <datafield tag="650" ind1=" " ind2=" ">
    <subfield code="a">Constru&#xE7;&#xE3;o civil</subfield>
    <subfield code="x">NBR 12721</subfield>
  </datafield>
  <datafield tag="650" ind1=" " ind2=" ">
    <subfield code="a">Constru&#xE7;&#xE3;o civil</subfield>
    <subfield code="x">Or&#xE7;amento</subfield>
  </datafield>
  <datafield tag="942" ind1=" " ind2=" ">
    <subfield code="2">udc</subfield>
    <subfield code="c">LV</subfield>
  </datafield>
  <datafield tag="952" ind1=" " ind2=" ">
    <subfield code="0">0</subfield>
    <subfield code="1">0</subfield>
    <subfield code="2">udc</subfield>
    <subfield code="4">0</subfield>
    <subfield code="7">0</subfield>
    <subfield code="a">BIBTCEMT</subfield>
    <subfield code="b">BIBTCEMT</subfield>
    <subfield code="d">2023-11-28</subfield>
    <subfield code="l">0</subfield>
    <subfield code="o">624:657.47 G619i 4. ed.</subfield>
    <subfield code="p">BIBTCEMT23111264</subfield>
    <subfield code="r">2023-11-28</subfield>
    <subfield code="t">Ex. 1</subfield>
    <subfield code="w">2023-11-28</subfield>
    <subfield code="y">LV</subfield>
    <subfield code="z">2. reimpr. 2005</subfield>
  </datafield>
  <datafield tag="999" ind1=" " ind2=" ">
    <subfield code="c">1100</subfield>
    <subfield code="d">1100</subfield>
  </datafield>
</record>
